| 000 | 00479nam a22001697a 4500 | ||
|---|---|---|---|
| 005 | 20251108164851.0 | ||
| 008 | 250721s9999 xx 000 0 ara d | ||
| 082 | 1 | 4 | _a641.5/أمي |
| 100 | 1 | _aالأعصر، أمينه | |
| 245 | 1 | 0 | _aأحلى و أسهل الحلويات الفرنسية / |
| 264 | 1 |
_aالرياض : _bمكتبة دار الشعب، _c[19-]. |
|
| 300 | _a57ص. | ||
| 650 | 1 | 7 | _aالطبخ |
| 650 | 1 | 7 | _aالسكاكر |
| 942 |
_2ddc _cBK |
||
| 999 |
_c16226 _d16226 |
||